000 00849nam1a22002051i 4500
001 rc\1190186
005 20240724000957.0
035 _a(NLR Aleph) 005974578
090 _a6965128
_c6965128
100 _a20070322d1988 u |0rusy50 ca
101 0 _arus
102 _aRU
105 _ay |||||||||
200 1 _aГОСУДАРСТВЕННЫЙ водный кадастр
_eРазд. 1. Поверхностные воды
_eСер. 2. Ежегод. данные
_eЕжегод. данные о режиме и качестве вод морей и мор. устьев рек, 1984 г.
_fГос. ком. СССР по гидрометеорологии...
210 _aОбнинск
_cВНИИГМИ-МЦД. Информ. центр
_d1988
215 _d35
801 0 _aRU
_bNLR
_gpsbo
801 1 _aRU
_bELAR
_2rusmarc
852 _aNLR
_j87-9/27
942 _cBOOK